000 00987nam a2200325Ia 4500
003 OSt
005 20220912151217.0
006 a|||||r|||| 00| 0
007 ta
008 220909b |||||||| |||| 00| 0 eng d
020 _a0821807315 (pbk)
024 _a2702
037 _cTextual
040 _aCSL
_beng
_cCSL
041 _aeng
082 _aB313, N1
100 _aFrazier Michael
110 _aAmerican Mathematical Society
245 0 _aLittlewood-Paley theory and the study of function spaces
260 _aProvidence,Rohode Island
_bAmerican Mathematical Soceity
_c1991
300 _avii,132p
490 _aConference Board of the Mathematical Sciences, regional conference series in mathematics; 79
650 _a Analysis
650 _a Function Spaces
650 _aMathematics
700 _a Jawerth Bjorn
700 _a Weiss Guido
942 _hB313, N1
_cTEXL
_2CC
999 _c63800
_d63800